01020nam a2200241 i 4500001000300000100002300003245010900026260006900135300004800204490007700252500007900329546001900408650003600427650003200463830007800495022001300573040000800586041001300594044000800607080002400615008004100639856009800680bg1 aŚwirski, Konrad.10aBiologicznie inspirowane modele empiryczne w eksploatacji instalacji energetycznych /cKonrad Świrski. aWarszawa :bOficyna Wydawnicza Politechniki Warszawskiej,c2008. a141, [1] s. :bil. (w tym kolor.) ;c24 cm.1 aPrace Naukowe / Politechnika Warszawska. Mechanika,x0137-2335 ;vz. 221 aOpis wg okł. Tyt. nagł. serii : Prace Naukowe Politechniki Warszawskiej. aStreszcz. ang. 9aEnergetykaxmodele matematyczne 9aSieci neuronowexstosowanie0 aPrace Naukowe - Politechnika Warszawska.pMechanika,x0137-2335 ;vz. 221 a01372335 cBPK0 apolbeng aPOL a620.92:621.31:519.8 s pl f |000 0 pol  uhttp://koha.tu.koszalin.pl/cgi-bin/koha/opac-detail.pl?biblionumber=56159yKatalog online BPK